| 000 | 00577cam a2200193 4500500 | ||
|---|---|---|---|
| 005 | 20260405003957.0 | ||
| 041 | _afre | ||
| 042 | _adc | ||
| 100 | 1 | 0 |
_aEnjalbert, Cédric _eauthor |
| 245 | 0 | 0 | _aHéritage : qui a peur d’être taxé ? |
| 260 | _c2025. | ||
| 500 | _a29 | ||
| 690 | _aArgent | ||
| 690 | _aHéritage | ||
| 690 | _aImpôt | ||
| 690 | _aTransmission | ||
| 786 | 0 | _nPhilosophie magazine | 195 | 13 | 2025-12-01 | p. 17-32 | 1951-1787 | |
| 856 | 4 | 1 | _uhttps://shs.cairn.info/magazine-philosophie-magazine-2025-13-page-17?lang=fr&redirect-ssocas=7080 |
| 999 |
_c2072589 _d2072589 |
||